00330 a2200109 4500001001000000005001700010008004100027245005800068100002600126773005100152999001700203ART_3383720260410161708.0260409a 10aModificaciones al objeto del impuesto a las ganancias1 aCáceres, Alberto I.0 tRevista Impuestosg- Nº 5 (mar. 2006)wREV639 c15796d15796